000
00283nam a2200121Ia 4500
008
241002s9999 xx 000 0 und d
082
_a
420 LOG
100
_a
Logon, Pearsall Smith
245
4
_a
The English Language
260
_a
New York:
_c
1952
600
_a
Languges
942
_c
UC
999
_c
18952
_d
18952